| 000 | 00892nam a2200277 i 4500 | ||
|---|---|---|---|
| 001 | 27615 | ||
| 003 | ES-MaACL | ||
| 005 | 20250828090933.0 | ||
| 007 | t| | ||
| 008 | 030115s1979 sp |||| | spa d | ||
| 020 | _a84-7020-092-5 | ||
| 080 | _a37.04-053.2 | ||
| 080 | _a371.5 | ||
| 100 | 1 |
_aAuchter, Thomas. _923835 |
|
| 245 | 1 | 0 |
_aCrítica de la pedagogía antiautoritaria / _cThomas Auchter ; [traducción del alemán de Antonino Garzón]. |
| 260 |
_a[Madrid] : _bSociedad de Educación Atenas, _c1979. |
||
| 300 |
_a197 p. ; _c18 cm. |
||
| 490 | 1 | _aConocer al hombre | |
| 650 | 7 |
_aEducación de niños _2embne _912099 |
|
| 650 | 4 |
_aDisciplina escolar. _9162956 |
|
| 700 | 1 |
_aGarzón González, Antonino. _9173086 |
|
| 710 | 2 |
_aSociedad de Educación Atenas _96665 |
|
| 830 | 1 | 0 |
_aConocer al hombre _9183322 |
| 852 |
_aES-MaACL _jA-9874 |
||
| 999 |
_c27615 _d27615 |
||